Joueurs de Top14 ayant joué en équipe de France - Statistiques

Statistiques générales
  • Ce quiz a été pris 55 fois
  • Le résultat moyen est 7 sur 18
Answers on the Grid
Answers color-coded by a green-red scale on the quiz's grid according to % correct below.
Anthony Claasen
Sébastien Tilous-Bordes
Jefferson Poirot
Benoît Paillaugues
Sébastien Bezy
Thibault Lassalle
Julien Thomas
Jonathan Wisniewski
Julien Puricelli
Jean Monribot
Romain Cabannes
Raphaël Lakafia
Thibault Daubagna
Rory Kockott
Kilian Geraci
Marvin O'connor
Lucas Dupont
Romain Buros
Alivereti Raka
Scott Spedding
Brock James
Noa Nakaitaci
Sipili Falatea
Rémi Tales
Bernard Le Roux
Wenceslas Lauret
Samuel Eto'o
Christophe Lemaitre
Alexis Palisson
Hugo Bonneval
 
Statistiques - réponses
Réponse % Correct
Jefferson Poirot
97%
Sébastien Tilous-Bordes
55%
Sébastien Bezy
45%
Bernard Le Roux
42%
Alivereti Raka
39%
Rory Kockott
39%
Scott Spedding
35%
Sipili Falatea
35%
Alexis Palisson
32%
Anthony Claasen
32%
Hugo Bonneval
32%
Romain Buros
32%
Wenceslas Lauret
32%
Kilian Geraci
29%
Rémi Tales
26%
Thibault Daubagna
26%
Noa Nakaitaci
23%
Raphaël Lakafia
19%
Aucun quiz correspondant
Distribution des résultats
% des personnes avec chaque résultat
Percentile par nombre de réponses
Votre historique - résultats
Vous n’avez pas pris ce quiz